000 00458nam a2200181Ia 4500
008 151202s9999||||xx |||||||||||||| ||und||
082 _bPNVM-34665
100 _aBLAIR WALTER& HILL HALAM.
245 _aAMERICAS HUMOR.
260 _bOXFORD UNIVERSITY.
260 _c1978
300 _a559
600 _aBLAIR WALTER& HILL HALAM.
630 _aAMERICAS HUMOR.
700 _aBLAIR WALTER& HILL HALAM.
730 _aAMERICAS HUMOR.
942 _cBOOK
999 _c1300621
_d1300618